| 000 | 00888nam a22002657a 4500 | ||
|---|---|---|---|
| 001 | 3956 | ||
| 003 | FISKH | ||
| 005 | 20240529130456.0 | ||
| 008 | 240528b cb ||||| |||| 00| 0 eng d | ||
| 020 | _a9788956354019 | ||
| 040 |
_aFISKH _beng _cFISKH _dFISKH |
||
| 100 |
_aAndersen, HC _eauthor |
||
| 245 |
_aThe flea and the professor / _cby HC Andersen |
||
| 250 | _aFirst published by XACT, 2009 | ||
| 260 |
_ae future : _bSeoul ; _c2009 |
||
| 300 |
_a26 pages : _bcolor illustrations ; _c21 cm . |
||
| 490 |
_aMy First Classic Readers _vLevel 3 |
||
| 505 | _aJ | ||
| 520 | _aIn this exciting tale, the Professor and his performing flea gain fame and fortune. But what of his dream to build a flying balloon like his father | ||
| 521 | 8 |
_a500
_bLexile estimate |
|
| 521 | 8 |
_aJ
_bRaz-Plus |
|
| 650 |
_aFlea _vFiction |
||
| 942 |
_2ddc _cBK _n0 |
||
| 999 |
_c3956 _d3956 |
||